| 000 | 01151nam a22002657a 4500 | ||
|---|---|---|---|
| 999 |
_c216219 _d216219 |
||
| 005 | 20260130081905.0 | ||
| 008 | 260130b ||||| |||| 00| 0 eng d | ||
| 020 | _a1859723012 | ||
| 040 |
_aLC _cUNZA _dUNZA _eRDA |
||
| 050 |
_aZAMB DT 3058.B46 _bRAS 1995 |
||
| 100 | _aRasing, Thera | ||
| 245 |
_aPassing on the rites of passage : _bgirls' initiation rites in the context of an urban Roman Catholic community on the Zambian Copperbelt / _cThera Rasing. |
||
| 250 | _aSpecial edition for Sub-Saharan Africa | ||
| 260 |
_a[Aldershot, England]: _bAvebury, _c1995. |
||
| 300 |
_ax, 112 pages : _billustrations. |
||
| 500 | _a"Revised version of an M.A. thesis in Anthropology"--P. 4. of cover | ||
| 504 | _aIncludes bibliographical references. | ||
| 650 |
_aBemba (African people) _xRites and . |
||
| 650 |
_aWomen, Bemba _xRites and ceremonies. |
||
| 650 |
_aPuberty rites _xCopperbelt Province _zZambia. |
||
| 650 |
_aInitiation rites _vReligious aspects _xCatholic Church |
||
| 650 |
_aGirls _xSocial conditions _zCopperbelt Province, Zambia. |
||
| 650 |
_aCatholic women _xSocial conditions _zCopperbelt Province, Zambia. |
||
| 942 | _cZAMBIANA | ||